[Event "FRA-ch op-C"]
[Site "L'Alpe d'Huez"]
[Date "2023.08.22"]
[Round "4"]
[White "Maurel, Christophe"]
[Black "Eleze, Greg"]
[Result "0-1"]
[WhiteElo "1661"]
[BlackElo "1610"]
[PlyCount "64"]
[EventDate "2023.08.19"]
[EventType "swiss"]
[EventRounds "9"]
[EventCountry "FRA"]
[SourceTitle "EXT 2024"]
[Source "ChessBase"]
[SourceDate "2023.10.10"]
[SourceVersion "1"]
[SourceVersionDate "2023.10.10"]
[SourceQuality "1"]

1. e4 c5 2. Nf3 Nc6 3. d4 cxd4 4. Nxd4 Nf6 5. Nc3 e5 6. Ndb5 d6 7. Nd5 Nxd5 8. exd5 Nb8 9. c4 Be7 10. Be2 0-0 11. 0-0 a6 12. Nc3 Nd7 13. Qc2 f5 14. f3 Nf6 15. Bd3 f4 16. b3 Qe8 17. a4 Qh5 18. Ba3 g5 19. Ne4 Nxe4 20. Bxe4 g4 21. fxg4 Bxg4 22. Bf3 Rf7 23. Qe2 Bxf3 24. Rxf3 Rg7 25. Re1 Kh8 26. Rf2 Qh6 27. Ref1 Rag8 28. Qf3 Rg5 29. Kh1 Rh5 30. Rc2 Rxh2+ 31. Kg1 Qh4 32. g3 Rxg3+ 0-1

[Event "Montigny le Bretonneux op 24th"]
[Site "Montigny le Bretonneux"]
[Date "2022.05.28"]
[Round "5"]
[White "Surugue, Philippe"]
[Black "Maurel, Christophe"]
[Result "1-0"]
[WhiteElo "1766"]
[BlackElo "1562"]
[PlyCount "99"]
[EventDate "2022.05.26"]
[EventType "swiss"]
[EventRounds "9"]
[EventCountry "FRA"]
[SourceTitle "CBM 208 Extra"]
[Source "ChessBase"]
[SourceDate "2022.07.31"]
[SourceVersion "1"]
[SourceVersionDate "2022.07.31"]
[SourceQuality "1"]

1. e4 e6 2. Nf3 d5 3. e5 c5 4. b4 cxb4 5. d4 Ne7 6. a3 Nec6 7. axb4 Bxb4+ 8. c3 Be7 9. Bd3 Nd7 10. Qc2 f5 11. h4 a5 12. Ng5 Nf8 13. f4 h5 14. Ba3 b6 15. Bxe7 Qxe7 16. Na3 Ba6 17. Bxa6 Rxa6 18. Qa4 Qd7 19. Nb5 Na7 20. Nc7+ Kd8 21. Qxd7+ Kxd7 22. Nxa6 Nc8 23. Ke2 Kc6 24. Rhb1 g6 25. Kd3 Rg8 26. Nb4+ axb4 27. Rxb4 Rg7 28. g3 Rb7 29. Ra8 Rc7 30. c4 Kb7 31. Ra2 dxc4+ 32. Rxc4 Rd7 33. Rxc8 Kxc8 34. Ra8+ Kb7 35. Rxf8 b5 36. Nxe6 Kb6 37. Nc5 Re7 38. Rf6+ Ka5 39. Rxg6 Kb4 40. Na6+ Ka4 41. d5 Ka3 42. d6 Rd7 43. Nc5 Rd8 44. d7 b4 45. Kc4 b3 46. Nd3 Ka2 47. Ra6+ Kb1 48. e6 b2 49. Nxb2 Kxb2 50. Rc6 1-0